000 00326nam a2200121Ia 4500
008 220204s9999 xx 000 0 und d
082 _a55(035)
_bRAM
100 _aChickanagappa, L S
245 0 _aSoil mechanics and foundation engineering
260 _aNew Delhi
_bOxford and IBH
_c1981
700 _aRamiah, B K
942 _cBK
999 _c36547
_d36547